La philosophie de Socrate / (Record no. 54480)

MARC details
000 -LEADER
campo de control de longitud fija 00884nam a22002295i 4500
001 - NÚMERO DE CONTROL
campo de control 54480
003 - IDENTIFICADOR DE NÚMERO DE CONTROL
campo de control ES-MaACL
005 - FECHA Y HORA DE LA ÚLTIMA TRANSACCIÓN
campo de control 20250704063112.0
007 - CAMPO FIJO DE DESCRIPCIÓN FÍSICA--INFORMACIÓN GENERAL
campo de control de longitud fija t|
008 - DATOS DE LONGITUD FIJA--INFORMACIÓN GENERAL
campo de control de longitud fija 960806e1874 fr ||||1| fre d
040 ## - FUENTE DE CATALOGACIÓN
Centro catalogador/agencia de origen CLM
Lengua de catalogación spa
Centro/agencia transcriptor CCPB | SIC
100 1# - ENTRADA PRINCIPAL--NOMBRE DE PERSONA
Nombre de persona Fouillée, Alfred,
Fechas asociadas al nombre 1838-1912
Término indicativo de función/relación Autor
9 (RLIN) 51939
245 13 - MENCIÓN DEL TÍTULO
Título La philosophie de Socrate /
Mención de responsabilidad, etc. par Alfred Fouillée.
260 ## - PUBLICACIÓN, DISTRIBUCIÓN, ETC.
Lugar de publicación, distribución, etc. Paris :
Nombre del editor, distribuidor, etc. Librairie Philosophique de Ladrange,
Fecha de publicación, distribución, etc. 1874
Fabricante (Imp. Simon Racon et Comp.)
300 ## - DESCRIPCIÓN FÍSICA
Extensión 2 volúmenes ;
Dimensiones 23 cm.
500 ## - NOTA GENERAL
Nota general En port. : Ouvrage couronné par l'Académie des Sciences Morales et Politiques.
600 14 - PUNTO DE ACCESO ADICIONAL DE MATERIA--NOMBRE DE PERSONA
Nombre de persona Sócrates-
Subdivisión general Crítica e interpretación.
9 (RLIN) 107014
852 ## - LOCALIZACIÓN
Ubicación ES-MaACL
Ubicación en estantería Sala Valle Inclán
Anotaciones manuscritas Firma autógrafa de Antonio Aura Boronat
Donativo/Legado Donativo de Antonio Aura Boronat
Número de control de estantería D-4948-49
942 ## - ELEMENTOS DE ENTRADA SECUNDARIOS (KOHA)
Fuente del sistema de clasificación o colocación Clasificación decimal universal
Tipo de ítem Koha Libro impreso antiguo
Suprimir en OPAC No
Holdings
Estatus retirado Estado de pérdida Fuente del sistema de clasificación o colocación Estado de daño No para préstamo Colección Biblioteca de origen Biblioteca actual Ubicación en estantería Fecha de adquisición Fuente de adquisición Total de préstamos Signatura topográfica completa Código de barras Visto por última vez Tipo de ítem Koha
    Clasificación decimal universal     Libros del s. XIX Biblioteca del Ateneo de Madrid Biblioteca del Ateneo de Madrid Sala Valle Inclán 17/01/2008 Donación   D-4948-49 901057249 23/02/2023 Libro impreso antiguo